[Event "55th Rubinstein Memorial-A 2019"]
[Site "Polanica-Zdroj"]
[Date "2019.08.18"]
[Round "2.27"]
[White "Raclawicki, Kacper"]
[Black "Jaroch, Karol"]
[Result "0-1"]
[WhiteElo "1835"]
[BlackElo "2231"]
[Annotator "NA"]
[PlyCount "142"]
[EventDate "2019.08.17"]
[EventType "swiss"]
[EventCountry "POL"]
[SourceTitle "playchess.com"]
[Source "ChessBase"]
[SourceQuality "1"]
[TimeControl "40/5400+30:1800+30"]

1. c4 {[%emt 0:00:00]} Nf6 {[%emt 0:00:29]} 2. Nc3 {[%emt 0:00:32]} e5 {[%emt 0:00:10]} 3. g3 {[%emt 0:01:33]} Bc5 {[%emt 0:02:58]} 4. Bg2 {[%emt 0:00:58]} c6 {[%emt 0:00:26]} 5. e4 {[%emt 0:04:45]} (5. e3 O-O 6. Nge2 d5 7. cxd5 Nxd5 8. d4 exd4 9. Nxd5 cxd5 10. Nxd4 Nc6 11. Nxc6 bxc6 12. O-O Be6 13. Qc2 Qb6 {½-½ (28) Carlsen,M (2843)-Ding,L (2791) Stavanger 2018}) 5... O-O {[%emt 0:10:39]} 6. Nge2 {[%emt 0:10:47] A23: English Opening: 1...e5 2 Nc3 Nf6 3 g3 c6} d6 {[%emt 0:25:45]} 7. O-O {[%emt 0:14:06]} Bg4 {[%emt 0:00:47]} 8. h3 {[%emt 0:01:14]} Be6 {[%emt 0:00:05]} 9. b3 $146 {[%emt 0:01:43]} ({Predecessor:} 9. d3 h6 10. Kh2 Nbd7 11. a3 a5 12. f4 Nb8 {½-½ (33) Boc,G (1710)-Janzekovic,A (1518) Slovenia 2016}) 9... d5 {[%emt 0:00:42]} 10. cxd5 {[%emt 0:08:33]} cxd5 {[%emt 0:03:31]} 11. d4 {[%emt 0:01:09]} exd4 {[%emt 0:02:37]} 12. Nxd4 {[%emt 0:01:36]} Bxd4 {[%emt 0:00:13]} 13. Qxd4 {[%emt 0:00:13]} Nc6 {[%emt 0:00:07]} 14. Qd1 {[%emt 0:07:32]} Nxe4 {[%emt 0:02:10]} 15. Nxe4 {[%emt 0:06:34]} dxe4 {[%emt 0:00:03]} 16. Bxe4 {[%emt 0:03:18]} Qxd1 {[%emt 0:00:11]} 17. Rxd1 {[%emt 0:00:14]} Bxh3 {[%emt 0:00:05]} 18. Be3 {[%emt 0:03:55]} Rfe8 {[%emt 0:03:20]} 19. Bxc6 {[%emt 0:02:44]} bxc6 $11 {[%emt 0:00:06]} 20. Rd6 {[%emt 0:01:08]} Re6 {[%emt 0:00:31]} 21. Rad1 {[%emt 0:00:48]} a6 {[%emt 0:01:33]} 22. Rd8+ {[%emt 0:03:06]} Re8 {[%emt 0:00:05]} 23. Rxa8 {[%emt 0:02:29]} Rxa8 {[%emt 0:00:06]} 24. Rd6 {[%emt 0:00:43]} Rc8 {[%emt 0:00:03]} 25. b4 {[%emt 0:01:29]} Be6 {[%emt 0:02:01]} 26. a3 {[%emt 0:01:23]} Kf8 {[%emt 0:00:24]} 27. Bc5 {[%emt 0:02:05]} Ke8 {[%emt 0:00:03]} 28. Rd3 {[%emt 0:01:33]} f6 {[%emt 0:00:18]} 29. a4 {[%emt 0:00:58]} Rc7 {[%emt 0:02:03]} 30. a5 {[%emt 0:01:08]} Bd5 {[%emt 0:00:10]} 31. f3 {[%emt 0:00:54]} Rd7 {[%emt 0:00:23]} 32. Kf2 {[%emt 0:00:41]} g5 {[%emt 0:00:17]} 33. Rd1 {[%emt 0:01:52]} Kf7 {[%emt 0:00:30]} 34. g4 {[%emt 0:02:03]} Rd8 {[%emt 0:03:12]} 35. Rd3 {[%emt 0:04:03]} Kg6 {[%emt 0:00:13]} 36. Kg3 {[%emt 0:00:49]} f5 {[%emt 0:01:07]} 37. f4 {[%emt 0:05:26]} gxf4+ {[%emt 0:05:51]} 38. Kxf4 {[%emt 0:00:44]} fxg4 {[%emt 0:00:03]} 39. Re3 {[%emt 0:02:39]} h5 {[%emt 0:00:13]} 40. Re5 {[%emt 0:00:00]} Bf7 {[%emt 0:00:00]} 41. Rg5+ {[%emt 0:03:49]} Kh6 {[%emt 0:04:02]} 42. Rf5 {[%emt 0:03:20]} Kg7 {[%emt 0:00:16]} 43. Rg5+ {[%emt 0:04:03]} Bg6 {[%emt 0:00:32]} 44. Re5 {[%emt 0:00:54]} Bf7 {[%emt 0:05:26]} 45. Rg5+ {[%emt 0:01:39]} Kh7 {[%emt 0:00:17]} 46. Rf5 {[%emt 0:01:29]} Kg7 {[%emt 0:05:17]} 47. Rg5+ {[%emt 0:00:29]} Bg6 {[%emt 0:00:09]} 48. Re5 {[%emt 0:01:53]} Rd3 {[%emt 0:00:33]} 49. Re3 {[%emt 0:01:25]} Rd5 {[%emt 0:07:46]} 50. Re5 {[%emt 0:01:29]} Rd1 {[%emt 0:03:26]} 51. Kg5 {[%emt 0:08:24]} Bf7 {[%emt 0:10:38]} 52. Bf2 {[%emt 0:03:08]} Rd2 {[%emt 0:03:25]} 53. Be3 {[%emt 0:01:58]} Rd6 {[%emt 0:03:47]} 54. Bf2 {[%emt 0:01:22]} Rg6+ {[%emt 0:06:27]} 55. Kh4 {[%emt 0:00:20]} g3 {[%emt 0:00:06]} 56. Bxg3 {[%emt 0:02:36]} Rg4+ {[%emt 0:00:03]} 57. Kh3 {[%emt 0:00:02]} Rxb4 {[%emt 0:00:08]} 58. Rg5+ {[%emt 0:02:05]} Kf6 {[%emt 0:00:26]} 59. Rc5 {[%emt 0:00:13]} Bd5 {[%emt 0:00:23]} 60. Bc7 {[%emt 0:00:47]} Rc4 {[%emt 0:01:15]} 61. Rxc4 {[%emt 0:00:56]} Bxc4 {[%emt 0:00:02]} 62. Kg3 {[%emt 0:00:28]} Kf5 {[%emt 0:00:11]} 63. Kf3 {[%emt 0:00:39]} h4 {[%emt 0:00:13]} 64. Bd8 {[%emt 0:00:27]} h3 {[%emt 0:00:07]} 65. Bc7 {[%emt 0:00:26]} Bd5+ {[%emt 0:00:19]} 66. Kg3 {[%emt 0:00:23]} Bg2 {[%emt 0:00:07]} 67. Kf2 {[%emt 0:00:29]} Ke4 {[%emt 0:00:26]} 68. Ke2 {[%emt 0:00:02]} Bf3+ {[%emt 0:00:09]} 69. Kd2 {[%emt 0:00:36]} Bg4 {[%emt 0:00:09]} 70. Kc3 {[%emt 0:00:10]} Be2 {[%emt 0:00:12]} 71. Kd2 {[%emt 0:00:56]} Bb5 {[%emt 0:00:08]} 0-1

[Event "55th Rubinstein Memorial-A 2019"]
[Site "Polanica-Zdroj"]
[Date "2019.08.19"]
[Round "3.1"]
[White "Warakomski, Tomasz"]
[Black "Jaskolka, Tomasz"]
[Result "1-0"]
[WhiteElo "2497"]
[BlackElo "2227"]
[Annotator "ChessBase"]
[PlyCount "134"]
[EventDate "2019.08.17"]
[EventType "swiss"]
[EventCountry "POL"]
[SourceTitle "playchess.com"]
[Source "ChessBase"]
[SourceQuality "1"]
[TimeControl "40/5400+30:1800+30"]

1. e4 {[%emt 0:00:00]} e6 {[%emt 0:00:00]} 2. d4 {[%emt 0:00:00]} d5 {[%emt 0:00:00]} 3. Nd2 {[%emt 0:00:31]} Nf6 {[%emt 0:00:00]} 4. e5 {[%emt 0:00:05]} Nfd7 {[%emt 0:00:00]} 5. c3 {[%emt 0:00:08]} c5 {[%emt 0:00:00]} 6. Bd3 {[%emt 0:00:06]} Nc6 {[%emt 0:00:04]} 7. Ne2 {[%emt 0:00:05]} cxd4 {[%emt 0:00:14]} 8. cxd4 {[%emt 0:00:05]} f6 {[%emt 0:00:02]} 9. exf6 {[%emt 0:00:06]} Nxf6 {[%emt 0:00:04]} 10. Nf3 {[%emt 0:00:20]} Bd6 {[%emt 0:00:05]} 11. O-O {[%emt 0:00:06]} Qc7 {[%emt 0:00:13]} 12. Nc3 {[%emt 0:02:48]} a6 {[%emt 0:00:32]} 13. h3 {[%emt 0:00:52]} O-O {[%emt 0:00:33]} 14. Re1 {[%emt 0:00:06]} Bd7 {[%emt 0:02:23]} 15. Bd2 {[%emt 0:00:08]} Rae8 {[%emt 0:01:14]} 16. Rc1 {[%emt 0:00:03]} Qb8 {[%emt 0:02:07]} 17. a3 {[%emt 0:00:06]} Kh8 {[%emt 0:07:09]} 18. Bg5 {[%emt 0:00:06]} Bf4 {[%emt 0:07:53]} 19. Bxf4 {[%emt 0:00:05]} Qxf4 {[%emt 0:00:03]} 20. Ne2 {[%emt 0:00:04]} Qd6 {[%emt 0:00:29]} 21. Ng3 {[%emt 0:00:04]} Qf4 {[%emt 0:10:29]} 22. Ne2 {[%emt 0:00:27]} Qd6 {[%emt 0:00:18]} 23. Qd2 {[%emt 0:00:05]} e5 {[%emt 0:01:47]} 24. dxe5 {[%emt 0:00:06]} Nxe5 {[%emt 0:00:05]} 25. Nxe5 {[%emt 0:00:03]} Rxe5 {[%emt 0:01:07]} 26. Ng3 {[%emt 0:00:08]} Rfe8 {[%emt 0:01:07]} 27. Re2 {[%emt 0:00:05]} Rxe2 {[%emt 0:01:58]} 28. Bxe2 {[%emt 0:02:56]} Qe5 {[%emt 0:03:29]} 29. Bf3 {[%emt 0:01:51]} Bc6 {[%emt 0:01:38]} 30. Ne2 {[%emt 0:02:50]} Ne4 {[%emt 0:10:19]} 31. Qd4 {[%emt 0:21:14]} Qg5 {[%emt 0:08:03]} 32. Rd1 {[%emt 0:06:10]} Rf8 {[%emt 0:04:33]} 33. Qe3 {[%emt 0:00:49]} Qf6 {[%emt 0:23:13]} 34. Nd4 {[%emt 0:09:02]} Bd7 {[%emt 0:05:50]} 35. Bxe4 {[%emt 0:22:50]} dxe4 {[%emt 0:00:05]} 36. Ne2 {[%emt 0:00:05]} Bc6 {[%emt 0:03:26]} 37. Nc3 {[%emt 0:00:17]} h6 {[%emt 0:01:54]} 38. Rd4 {[%emt 0:00:22]} Rd8 {[%emt 0:00:34]} 39. Ne2 {[%emt 0:11:28]} Rxd4 {[%emt 0:00:54]} 40. Nxd4 {[%emt 0:00:00]} Qd6 {[%emt 0:00:00]} 41. Qc3 {[%emt 0:08:39]} Bd7 {[%emt 0:05:38]} 42. Kf1 {[%emt 0:02:26]} Qh2 {[%emt 0:11:52]} 43. Qg3 {[%emt 0:00:56]} Qh1+ {[%emt 0:05:38]} 44. Ke2 {[%emt 0:00:05]} Ba4 {[%emt 0:01:03]} 45. b3 {[%emt 0:12:08]} Qa1 {[%emt 0:00:27]} 46. Ke3 {[%emt 0:00:30]} Qc3+ {[%emt 0:05:40]} 47. Kxe4 {[%emt 0:00:06]} Bc6+ {[%emt 0:00:07]} 48. Nxc6 {[%emt 0:00:23]} Qxc6+ {[%emt 0:00:03]} 49. Ke5 {[%emt 0:02:13]} Qf6+ {[%emt 0:00:35]} 50. Kd5 {[%emt 0:00:19]} Qc6+ {[%emt 0:00:14]} 51. Kd4 {[%emt 0:00:04]} Qb6+ {[%emt 0:00:14]} 52. Kc3 {[%emt 0:00:48]} Qc5+ {[%emt 0:00:16]} 53. Kb2 {[%emt 0:00:08]} Qd4+ {[%emt 0:00:19]} 54. Kc2 {[%emt 0:00:03]} Qc5+ {[%emt 0:00:29]} 55. Kb1 {[%emt 0:00:16]} Qd5 {[%emt 0:06:12]} 56. b4 {[%emt 0:03:40]} Qd1+ {[%emt 0:01:28]} 57. Kb2 {[%emt 0:00:05]} Qd2+ {[%emt 0:00:44]} 58. Kb3 {[%emt 0:00:03]} Qd5+ {[%emt 0:00:34]} 59. Kc3 {[%emt 0:00:13]} Qc6+ {[%emt 0:00:14]} 60. Kb2 {[%emt 0:01:29]} Qf6+ {[%emt 0:00:20]} 61. Kb1 {[%emt 0:00:13]} Qf5+ {[%emt 0:01:28]} 62. Kc1 {[%emt 0:00:04]} Qd5 {[%emt 0:00:40]} 63. Qg4 {[%emt 0:04:22]} Qd3 {[%emt 0:01:08]} 64. Qc8+ {[%emt 0:00:07]} Kh7 {[%emt 0:00:03]} 65. Qc2 {[%emt 0:00:05]} Qxc2+ {[%emt 0:01:26]} 66. Kxc2 {[%emt 0:00:05]} Kg6 {[%emt 0:00:02]} 67. Kd3 {[%emt 0:00:06]} Kf5 {[%emt 0:00:08]} 1-0

[Event "55th Rubinstein Memorial-A 2019"]
[Site "Polanica-Zdroj"]
[Date "2019.08.19"]
[Round "3.2"]
[White "Lukasiewicz, Krzysztof"]
[Black "Shishkin, Vadim"]
[Result "1/2-1/2"]
[WhiteElo "2185"]
[BlackElo "2445"]
[Annotator "NA"]
[PlyCount "63"]
[EventDate "2019.08.17"]
[EventType "swiss"]
[EventCountry "POL"]
[SourceTitle "playchess.com"]
[Source "ChessBase"]
[SourceQuality "1"]
[TimeControl "40/5400+30:1800+30"]

1. e4 {[%emt 0:00:00]} c5 {[%emt 0:00:00]} 2. Nf3 {[%emt 0:00:00]} Nc6 {[%emt 0:00:00]} 3. d4 {[%emt 0:00:00]} cxd4 {[%emt 0:00:00]} 4. Nxd4 {[%emt 0:00:00]} Nf6 {[%emt 0:00:00]} 5. Nc3 {[%emt 0:00:00]} d6 {[%emt 0:00:00]} 6. Be2 {[%emt 0:00:00]} e5 {[%emt 0:01:31]} 7. Nf3 {[%emt 0:02:09]} Be7 {[%emt 0:00:43]} 8. Bg5 {[%emt 0:08:10]} Be6 {[%emt 0:07:41]} 9. O-O {[%emt 0:07:39]} O-O {[%emt 0:14:12]} 10. a3 {[%emt 0:01:48]} h6 {[%emt 0:03:43]} 11. Bxf6 {[%emt 0:00:31]} Bxf6 {[%emt 0:00:03]} 12. Nd5 {[%emt 0:00:06]} Bxd5 {[%emt 0:13:38]} 13. Qxd5 {[%emt 0:01:18]} Qc7 {[%emt 0:00:44]} 14. c3 {[%emt 0:05:11]} Rfd8 {[%emt 0:07:17]} 15. Qa2 {[%emt 0:16:59]} Rac8 {[%emt 0:02:46]} 16. Rad1 {[%emt 0:01:20]} Ne7 {[%emt 0:01:11]} 17. Bb5 {[%emt 0:03:14]} g6 {[%emt 0:13:58]} 18. Ba4 {[%emt 0:03:34]} Kg7 {[%emt 0:00:19]} 19. Bb3 {[%emt 0:00:05]} Rf8 {[%emt 0:00:48]} 20. g3 {[%emt 0:03:56]} Ng8 {[%emt 0:07:07]} 21. Rfe1 {[%emt 0:04:05]} Be7 {[%emt 0:00:09]} 22. Nd2 {[%emt 0:01:30]} Nf6 {[%emt 0:00:45]} 23. Nf1 {[%emt 0:01:12]} Qc5 {[%emt 0:01:53]} 24. Bc2 {[%emt 0:07:05]} Bd8 {[%emt 0:02:43]} 25. Ne3 {[%emt 0:02:33]} Bb6 {[%emt 0:01:44]} 26. Rd2 {[%emt 0:00:15]} Rfd8 {[%emt 0:02:47]} 27. Nd5 {[%emt 0:03:22]} Nxd5 {[%emt 0:00:54]} 28. Qxd5 {[%emt 0:00:06]} Qxd5 {[%emt 0:00:43]} 29. Rxd5 {[%emt 0:00:05]} Kf6 {[%emt 0:00:26]} 30. Red1 {[%emt 0:01:07]} Ke7 {[%emt 0:00:24]} 31. Kg2 {[%emt 0:00:44]} a6 {[%emt 0:02:21]} 32. Bb3 {[%emt 0:01:56]} 1/2-1/2

[Event "55th Rubinstein Memorial-A 2019"]
[Site "Polanica-Zdroj"]
[Date "2019.08.19"]
[Round "3.3"]
[White "Cukrowski, Filip"]
[Black "Wisniewski, Michal"]
[Result "1-0"]
[WhiteElo "2424"]
[BlackElo "2130"]
[Annotator "NA"]
[PlyCount "123"]
[EventDate "2019.08.17"]
[EventType "swiss"]
[EventCountry "POL"]
[SourceTitle "playchess.com"]
[Source "ChessBase"]
[SourceQuality "1"]
[TimeControl "40/5400+30:1800+30"]

1. e4 {[%emt 0:06:50]} c5 {[%emt 0:00:15]} 2. Nf3 {[%emt 0:00:10]} d6 {[%emt 0:05:31]} 3. c3 {[%emt 0:05:16]} Nf6 {[%emt 0:00:48]} 4. Be2 {[%emt 0:00:06]} Nbd7 {[%emt 0:00:06]} 5. d3 {[%emt 0:03:57]} g6 {[%emt 0:00:09]} 6. O-O {[%emt 0:00:42]} Bg7 {[%emt 0:00:05]} 7. Re1 {[%emt 0:00:53]} O-O {[%emt 0:00:12]} 8. Nbd2 {[%emt 0:01:05]} b6 {[%emt 0:00:06]} 9. d4 {[%emt 0:01:03]} cxd4 {[%emt 0:00:13]} 10. cxd4 {[%emt 0:00:34]} e5 {[%emt 0:00:04]} 11. dxe5 {[%emt 0:10:46]} dxe5 {[%emt 0:00:42]} 12. Nc4 {[%emt 0:21:42]} Bb7 {[%emt 0:09:36]} 13. Ng5 {[%emt 0:10:29]} Nxe4 {[%emt 0:08:35]} 14. Nxe4 {[%emt 0:05:48]} Bxe4 {[%emt 0:00:10]} 15. Bg4 {[%emt 0:02:14]} Nc5 {[%emt 0:03:51]} 16. b4 {[%emt 0:03:56]} Qxd1 {[%emt 0:02:09]} 17. Rxd1 {[%emt 0:05:59]} Nd3 {[%emt 0:09:35]} 18. Nd6 {[%emt 0:03:03]} Bc6 {[%emt 0:00:38]} 19. b5 {[%emt 0:00:45]} e4 {[%emt 0:00:20]} 20. bxc6 {[%emt 0:03:21]} Bxa1 {[%emt 0:00:01]} 21. Ba3 {[%emt 0:00:35]} f5 {[%emt 0:05:28]} 22. Nxe4 {[%emt 0:02:46]} Rfc8 {[%emt 0:08:47]} 23. Bf3 {[%emt 0:04:59]} Ne5 {[%emt 0:04:02]} 24. Nf6+ {[%emt 0:00:58]} Kf7 {[%emt 0:03:11]} 25. Bd5+ {[%emt 0:00:32]} Kxf6 {[%emt 0:00:11]} 26. Rxa1 {[%emt 0:00:05]} Nxc6 {[%emt 0:00:44]} 27. Re1 {[%emt 0:01:52]} Re8 {[%emt 0:01:33]} 28. Bb2+ {[%emt 0:00:10]} Kg5 {[%emt 0:00:11]} 29. f4+ {[%emt 0:00:06]} Kh6 {[%emt 0:00:06]} 30. Rxe8 {[%emt 0:01:02]} Rxe8 {[%emt 0:00:01]} 31. Bxc6 {[%emt 0:00:10]} Re2 {[%emt 0:00:00]} 32. Ba3 {[%emt 0:00:21]} g5 {[%emt 0:00:51]} 33. fxg5+ Kxg5 {[%emt 0:00:01]} 34. Bd5 {[%emt 0:00:55]} b5 {[%emt 0:00:12]} 35. Kf1 {[%emt 0:00:35]} Rc2 {[%emt 0:00:03]} 36. Bb3 {[%emt 0:00:06]} Rc8 {[%emt 0:00:03]} 37. Bb4 {[%emt 0:00:15]} Kg6 {[%emt 0:00:03]} 38. Ke2 {[%emt 0:00:29]} Rc1 {[%emt 0:00:09]} 39. g3 {[%emt 0:00:26]} Rh1 {[%emt 0:00:26]} 40. h4 {[%emt 0:00:00]} f4 {[%emt 0:00:00]} 41. gxf4 {[%emt 0:00:39]} Rxh4 {[%emt 0:00:11]} 42. Kf3 {[%emt 0:00:21]} h5 {[%emt 0:00:22]} 43. Bc2+ {[%emt 0:00:37]} Kf6 {[%emt 0:00:10]} 44. Bc3+ {[%emt 0:00:50]} Kf7 {[%emt 0:00:04]} 45. Ke4 {[%emt 0:00:54]} Rh2 {[%emt 0:00:59]} 46. Bb3+ {[%emt 0:00:21]} Ke8 {[%emt 0:00:01]} 47. Be5 {[%emt 0:07:19]} h4 {[%emt 0:00:59]} 48. Kf3 {[%emt 0:06:36]} a5 {[%emt 0:00:03]} 49. f5 {[%emt 0:03:30]} Rd2 {[%emt 0:01:49]} 50. Ke3 {[%emt 0:02:17]} Rd7 {[%emt 0:00:12]} 51. Be6 {[%emt 0:02:20]} Rh7 {[%emt 0:00:13]} 52. f6 {[%emt 0:08:23]} h3 {[%emt 0:00:06]} 53. Bh2 {[%emt 0:01:02]} Rf7 {[%emt 0:00:09]} 54. Bxf7+ {[%emt 0:00:13]} Kxf7 {[%emt 0:00:02]} 55. Kd4 {[%emt 0:00:08]} Kxf6 {[%emt 0:00:17]} 56. Kc5 {[%emt 0:00:05]} b4 {[%emt 0:00:02]} 57. Kb5 {[%emt 0:00:29]} Ke6 {[%emt 0:00:01]} 58. Kxa5 {[%emt 0:00:06]} Kd5 {[%emt 0:00:06]} 59. Kb5 {[%emt 0:00:06]} Ke6 {[%emt 0:00:12]} 60. Kxb4 {[%emt 0:00:11]} Kd7 {[%emt 0:00:03]} 61. Kb5 Kc8 62. Kb6 {[%emt 0:00:08]} 1-0

[Event "55th Rubinstein Memorial-A 2019"]
[Site "Polanica-Zdroj"]
[Date "2019.08.19"]
[Round "3.4"]
[White "Oglaza, Oskar"]
[Black "Luba, Lukasz"]
[Result "1-0"]
[WhiteElo "2367"]
[BlackElo "2130"]
[Annotator "NA"]
[PlyCount "79"]
[EventDate "2019.08.17"]
[EventType "swiss"]
[EventCountry "POL"]
[SourceTitle "playchess.com"]
[Source "ChessBase"]
[SourceQuality "1"]
[TimeControl "40/5400+30:1800+30"]

1. e4 {[%emt 0:00:00]} e5 {[%emt 0:00:16]} 2. Nf3 {[%emt 0:00:33]} d6 {[%emt 0:00:22]} 3. d4 {[%emt 0:00:14]} exd4 {[%emt 0:00:33]} 4. Nxd4 {[%emt 0:00:51]} Nf6 {[%emt 0:00:43]} 5. Nc3 {[%emt 0:00:23]} Nc6 {[%emt 0:00:14]} 6. Nxc6 {[%emt 0:12:21]} bxc6 {[%emt 0:02:53]} 7. Bc4 {[%emt 0:00:12]} Be6 {[%emt 0:00:05]} 8. Bb3 {[%emt 0:06:28]} Be7 {[%emt 0:04:25]} 9. Ba4 {[%emt 0:14:26]} Bd7 {[%emt 0:01:43]} 10. O-O {[%emt 0:00:47]} O-O {[%emt 0:00:19]} 11. Bf4 {[%emt 0:04:32]} Rb8 {[%emt 0:08:18]} 12. Re1 {[%emt 0:14:07]} Ng4 {[%emt 0:09:31]} 13. Bb3 {[%emt 0:03:42]} Bh4 {[%emt 0:01:59]} 14. g3 {[%emt 0:07:36]} Bf6 {[%emt 0:06:55]} 15. f3 {[%emt 0:06:25]} Ne5 {[%emt 0:01:00]} 16. Bxe5 {[%emt 0:04:03]} Bxe5 {[%emt 0:01:55]} 17. f4 {[%emt 0:00:16]} Bxc3 {[%emt 0:00:35]} 18. bxc3 {[%emt 0:00:11]} Qc8 {[%emt 0:03:40]} 19. Qd2 {[%emt 0:05:14]} Qa6 {[%emt 0:03:04]} 20. Qd3 {[%emt 0:04:25]} Qa5 {[%emt 0:14:47]} 21. Rad1 {[%emt 0:02:21]} g6 {[%emt 0:00:12]} 22. Qf3 {[%emt 0:01:17]} Kg7 {[%emt 0:08:14]} 23. g4 {[%emt 0:02:29]} h5 {[%emt 0:07:36]} 24. gxh5 {[%emt 0:01:32]} Qc5+ {[%emt 0:03:21]} 25. Kh1 {[%emt 0:02:49]} Rh8 {[%emt 0:04:03]} 26. hxg6 {[%emt 0:01:23]} Rh3 {[%emt 0:00:59]} 27. Qg2 {[%emt 0:00:14]} f6 {[%emt 0:00:06]} 28. e5 {[%emt 0:03:22]} fxe5 {[%emt 0:01:03]} 29. Rxe5 {[%emt 0:00:15]} d5 {[%emt 0:02:40]} 30. Rde1 {[%emt 0:00:10]} Rbh8 {[%emt 0:00:13]} 31. Re7+ {[%emt 0:00:04]} Kg8 {[%emt 0:00:11]} 32. Rh7 {[%emt 0:01:11]} R8xh7 {[%emt 0:01:32]} 33. gxh7+ {[%emt 0:00:09]} Kxh7 {[%emt 0:00:03]} 34. Rg1 {[%emt 0:01:58]} Qf8 {[%emt 0:00:17]} 35. c4 {[%emt 0:00:33]} Bf5 {[%emt 0:01:17]} 36. Re1 {[%emt 0:00:14]} Qb4 {[%emt 0:07:36]} 37. Re8 {[%emt 0:00:22]} Rxb3 {[%emt 0:02:46]} 38. Qg8+ {[%emt 0:00:30]} Kh6 {[%emt 0:00:05]} 39. Qh8+ {[%emt 0:00:03]} Kg6 {[%emt 0:01:22]} 40. Rg8+ {[%emt 0:00:00]} 1-0

[Event "55th Rubinstein Memorial-A 2019"]
[Site "Polanica-Zdroj"]
[Date "2019.08.19"]
[Round "3.5"]
[White "Slomczewski, Michal"]
[Black "Grabarczyk, Miroslaw"]
[Result "0-1"]
[WhiteElo "2115"]
[BlackElo "2362"]
[Annotator "NA"]
[PlyCount "82"]
[EventDate "2019.08.17"]
[EventType "swiss"]
[EventCountry "POL"]
[SourceTitle "playchess.com"]
[Source "ChessBase"]
[SourceQuality "1"]
[TimeControl "40/5400+30:1800+30"]

1. Nf3 {[%emt 0:00:00]} d5 {[%emt 0:00:54]} 2. c4 {[%emt 0:00:00]} d4 {[%emt 0:02:09]} 3. e3 {[%emt 0:00:02]} Nc6 {[%emt 0:00:16]} 4. d3 {[%emt 0:15:33]} e5 {[%emt 0:03:54]} 5. Be2 {[%emt 0:09:08]} Nf6 {[%emt 0:02:30]} 6. O-O {[%emt 0:00:52]} Be7 {[%emt 0:03:26]} 7. exd4 {[%emt 0:00:31]} exd4 {[%emt 0:00:39]} 8. Na3 {[%emt 0:02:10]} O-O {[%emt 0:02:48]} 9. Nc2 {[%emt 0:00:44]} a5 {[%emt 0:03:48]} 10. Rb1 {[%emt 0:00:06]} Rb8 {[%emt 0:05:46]} 11. Re1 {[%emt 0:13:54]} b5 {[%emt 0:03:51]} 12. cxb5 {[%emt 0:09:12]} Rxb5 {[%emt 0:00:08]} 13. Bg5 {[%emt 0:00:44]} Be6 {[%emt 0:02:50]} 14. Na3 {[%emt 0:15:41]} Rb8 {[%emt 0:03:26]} 15. Nc4 {[%emt 0:00:28]} h6 {[%emt 0:07:22]} 16. Bxf6 {[%emt 0:01:11]} Bxf6 {[%emt 0:00:07]} 17. Nfd2 {[%emt 0:01:36]} Bg5 {[%emt 0:02:07]} 18. Ne4 {[%emt 0:07:30]} Bxc4 {[%emt 0:03:45]} 19. dxc4 {[%emt 0:00:12]} Ne5 {[%emt 0:00:56]} 20. Nxg5 {[%emt 0:06:08]} hxg5 {[%emt 0:02:09]} 21. Qd2 {[%emt 0:04:57]} c5 {[%emt 0:03:03]} 22. f4 {[%emt 0:00:10]} gxf4 {[%emt 0:01:58]} 23. Qxf4 {[%emt 0:00:01]} Qd6 {[%emt 0:03:44]} 24. Bd3 {[%emt 0:02:17]} Rbe8 {[%emt 0:04:38]} 25. Qg3 {[%emt 0:02:39]} Re6 {[%emt 0:03:24]} 26. Bf5 {[%emt 0:01:08]} Re7 {[%emt 0:01:59]} 27. Re4 {[%emt 0:00:42]} g6 {[%emt 0:10:08]} 28. Rbe1 {[%emt 0:00:42]} Rfe8 {[%emt 0:00:58]} 29. Bd7 {[%emt 0:00:04]} Qxd7 {[%emt 0:02:55]} 30. Rxe5 {[%emt 0:00:12]} Rxe5 {[%emt 0:00:28]} 31. Rxe5 {[%emt 0:00:07]} Rxe5 {[%emt 0:00:06]} 32. Qxe5 {[%emt 0:00:04]} d3 {[%emt 0:00:10]} 33. Qe1 {[%emt 0:03:04]} Qd4+ {[%emt 0:02:26]} 34. Kf1 {[%emt 0:00:15]} Qf4+ {[%emt 0:00:36]} 35. Kg1 {[%emt 0:00:27]} Qxc4 {[%emt 0:01:05]} 36. Qe3 {[%emt 0:02:00]} Qd5 {[%emt 0:01:08]} 37. Qd2 {[%emt 0:01:01]} a4 {[%emt 0:00:40]} 38. a3 {[%emt 0:00:07]} Qf5 {[%emt 0:02:09]} 39. h4 {[%emt 0:00:00]} c4 {[%emt 0:00:00]} 40. Qe3 {[%emt 0:00:00]} Qd5 {[%emt 0:00:00]} 41. Qd2 {[%emt 0:01:44]} Qd4+ {[%emt 0:02:07]} 0-1

[Event "55th Rubinstein Memorial-A 2019"]
[Site "Polanica-Zdroj"]
[Date "2019.08.19"]
[Round "3.6"]
[White "Lewtak, Damian"]
[Black "Zych, Marek"]
[Result "1-0"]
[WhiteElo "2354"]
[BlackElo "2061"]
[Annotator "TA"]
[PlyCount "123"]
[EventDate "2019.08.17"]
[EventType "swiss"]
[EventCountry "POL"]
[SourceTitle "playchess.com"]
[Source "ChessBase"]
[SourceQuality "1"]

{[%evp 11,123,-1,12,4,10,-43,-43,-59,8,-3,20,9,20,19,28,0,32,24,18,-83,-95,-104,-41,-62,-32,-40,-36,-70,-39,-111,-44,-101,-57,-91,-51,-64,32,30,100,-11,81,86,154,167,191,179,226,218,210,168,166,165,157,132,139,139,225,118,120,0,216,189,258,260,284,284,283,213,213,213,284,275,253,213,222,222,485,476,648,648,648,648,648,648,641,641,641,641,641,641,641,641,633,633,752,633,633,633,633,709,754,633,809,809,809,804,804,787,29980,29972,29985,29986,29983,29984]} 1. d4 Nf6 2. c3 g6 3. Bf4 Bg7 4. h3 d6 5. Nf3 O-O 6. e3 Nc6 7. Bh2 {A48: 1 d4 Nf6 2 Nf3 g6: Torre, London and Colle Systems} Nd7 8. d5 $146 (8. Be2 $11) ({Predecessor:} 8. b4 e5 9. b5 Ne7 10. a4 a6 11. Nbd2 axb5 12. Bxb5 c6 13. Be2 Nd5 14. Qc2 b5 {0-1 (59) Bachmann,A (2648)-Baklan,V (2601) Linares 2017}) 8... Nce5 $15 9. Nbd2 {Black is slightly better.} c5 (9... Nxf3+ $15 10. Qxf3 e5) 10. Be2 Rb8 11. a4 b6 12. O-O a6 13. Ne1 {Hoping for f4.} f5 14. f4 Nf7 15. Nc4 (15. e4 $11) 15... Nf6 $17 16. a5 {[#]} b5 (16... bxa5 $1 $17 17. Nf3 Bb7 18. Rxa5 Bxd5 19. Rxa6 Bxc4 20. Bxc4 d5) 17. Nb6 $15 Rxb6 18. axb6 Qxb6 19. Nc2 a5 {[%mdl 1024] Black has compensation.} 20. Bf3 (20. Na3 $15) 20... Bd7 (20... e6 $17 21. dxe6 Bxe6) 21. Qd2 (21. g4 $15) 21... a4 22. Rfb1 Qa5 23. Bg3 Rb8 (23... e6 $15) 24. Be1 $14 Qa7 (24... Qc7 $11 {keeps the balance.}) 25. Ra2 (25. b3 $16) 25... Nd8 {[#]} (25... e6 $11) 26. b3 $1 $16 Ra8 (26... Ne4 $142 27. Bxe4 fxe4) 27. bxa4 bxa4 28. Na3 Nb7 29. c4 Na5 30. Qxa5 Qxa5 31. Bxa5 Rxa5 32. Rb7 Kf7 33. Nb5 Ke8 (33... Bxb5 $16 {is a better defense.} 34. cxb5 c4) 34. Rb8+ ({White should play} 34. Bd1 $18) 34... Kf7 35. Rb7 (35. Kf2 $16) 35... Ke8 $1 $18 36. Ra7 Rxa7 (36... Bxb5 $142 37. Rxa5 Bxc4 38. R2xa4 Bb3) 37. Nxa7 Ne4 38. Bxe4 $1 fxe4 {[%mdl 4096] Endgame KRN-KB} 39. Nb5 h5 40. Rxa4 h4 41. Ra3 Bf5 42. Nc3 Kf7 43. Ne2 e6 $2 (43... Bb2 {was necessary.} 44. Ra7 Ke8) 44. Nc3 Bxc3 45. dxe6+ Bxe6 {...Bd2 is the strong threat.} 46. Rxc3 {KR-KB} Kf6 47. Kf2 Ke7 48. Ke2 Kd7 49. Kd2 Kc6 50. Rc1 Kc7 51. Kc3 Bf5 52. Ra1 Kb7 53. Kb3 Be6 54. Rg1 Kc7 55. g3 hxg3 56. Rxg3 Bf5 57. h4 Kd7 58. Rg5 Ke6 59. Ka4 d5 60. cxd5+ {White mates.} Kxd5 61. h5 Kc4 62. h6 {Accuracy: White = 49%, Black = 27%.} 1-0